| 000 | 01059nam a2200313 i 4500 | ||
|---|---|---|---|
| 005 | 20220317000224.0 | ||
| 007 | ta | ||
| 008 | 210824s20072013sp a0 sbr s 0j spa d | ||
| 020 | _a9788426137456 | ||
| 040 |
_aCO-BoRNBP _bspa _cCO-BoRNBP _erda |
||
| 041 | 1 |
_aspa _hfre |
|
| 084 | _aC JAY3 | ||
| 100 | 1 |
_aJay, Françoise _eautor |
|
| 245 | 1 | 3 |
_aEl pincel mágico _bun cuento chino de Hong Xuntao _cadaptado por Francoise Jay e ilustrado por Zhong Jie |
| 250 | _aSegunda edición | ||
| 264 | 1 |
_aBarcelona _bEditorial Juventud _c2007 _c2013 |
|
| 300 |
_a48 páginas _bilustraciones _c30 cm |
||
| 336 |
_atexto _btxt _2rdacontent |
||
| 337 |
_asin mediación _bn _2rdamedia |
||
| 338 |
_avolumen _bnc _2rdacarrier |
||
| 521 | _aRecomendado para un público infantil mayor de 9 años | ||
| 534 | _bLe pinceau mgioque | ||
| 650 | 1 | 7 |
_aCuentos infantiles chinos _2ARMARC |
| 650 | 1 | 7 |
_aLiteratura infantil china _2ARMARC |
| 650 | 1 | 7 |
_aAutores chinos _2ARMARC |
| 650 | 1 | 7 |
_aCodicia _vCuentos _2ARMARC |
| 700 | 1 |
_aJie, Zhong _eilustrador _9184224 |
|
| 942 |
_2loc _cBKLIT |
||
| 999 |
_c3442 _d3442 |
||